| 000 | 00334nam a2200121Ia 4500 | ||
|---|---|---|---|
| 008 | 210430s9999 xx 000 0 und d | ||
| 082 | _a660.6 R 1651 B | ||
| 100 |
_aSeeram Ramakrishna _954847 |
||
| 245 |
_aBiomaterials A Nano Approach _cSeeram Ramakrishna |
||
| 260 |
_aLondon _bCRC Press _c2010 |
||
| 300 | _a350 p | ||
| 942 |
_cBK _2ddc |
||
| 999 |
_c565723 _d565723 |
||